| 000 | 00514nam a2200193Ia 4500 | ||
|---|---|---|---|
| 003 | LK-CoDNM | ||
| 005 | 20240306103304.0 | ||
| 008 | 010623t1928 xxu||||| |||| 00| 1 sin d | ||
| 040 |
_aLK-CoDNM _dLK-CoDNM _eLK-CoDNM |
||
| 041 | _asin | ||
| 080 | _a104 Z16 | ||
| 100 | _aThomas,P.G. | ||
| 245 | _aමෝටර් රථ ගුරුවරයා | ||
| 246 | _aThe teacher of motorists | ||
| 260 |
_bSrilankoodaya press _aColombo _c1928 |
||
| 300 |
_bDamaged _a118p.,iill,21 cm |
||
| 650 | _aMotor | ||
| 942 | _cBK | ||
| 999 |
_c94532 _d94532 |
||